| 000 | 00418nam a2200121Ia 4500 | ||
|---|---|---|---|
| 008 | 220620s9999||||xx |||||||||||||| ||und|| | ||
| 245 | 0 | _aNumerical Modeling and Computer Simulation | |
| 546 | _aEnglish[eng] | ||
| 650 | _aComputer modelling & simulation | ||
| 700 | _aCvetković, Dragan M.||Birajdar, Gunvant A. | ||
| 856 | _uhttps://mts.intechopen.com/storage/books/7824/authors_book/authors_book.pdf | ||
| 942 | _cEB | ||
| 999 |
_c29740 _d29740 |
||